[Event "IECG CM.1998.0.00044"]
[Site "IECG email"]
[Date "1998.??.??"]
[Round "?"]
[White "Fawcett, Tim"]
[Black "Malmstroem, Jan"]
[Result "1-0"]
[WhiteElo "2200"]
[BlackElo "2233"]
[PlyCount "115"]
[EventDate "1998.04.25"]
[EventType "tourn (corr)"]
[EventRounds "6"]
[SourceTitle "Corr 2008"]
[Source "ChessBase"]
[SourceDate "2008.06.24"]
[SourceVersion "1"]
[SourceVersionDate "2008.06.24"]
[SourceQuality "1"]

1. e4 e5 2. Nf3 Nc6 3. Bb5 a6 4. Ba4 Nf6 5. 0-0 Be7 6. Re1 b5 7. Bb3 d6 8. c3 0-0 9. h3 Na5 10. Bc2 c5 11. d4 cxd4 12. cxd4 Bb7 13. Nbd2 Qc7 14. d5 Rfc8 15. Bd3 Nd7 16. Nf1 Nc4 17. b3 Ncb6 18. Ba3 Qd8 19. Rc1 Rxc1 20. Bxc1 Rc8 21. Ne3 Nc5 22. Bb1 Bf6 23. Bd2 g6 24. Ba5 Bg7 25. Re2 h6 26. Rc2 Ncd7 27. Qd3 Nc5 28. Qd2 Rb8 29. Qc3 Bf6 30. Rc1 Bc8 31. b4 Nca4 32. Qa3 Qe7 33. Bc2 Bd7 34. Bxb6 Rxb6 35. Bxa4 bxa4 36. Nc4 Rb8 37. Na5 Qe8 38. Nc6 Rb5 39. Qxa4 Qa8 40. Qb3 Qb7 41. a3 Bg7 42. Qc3 Bf8 43. Na5 Qb8 44. Qc7 Be8 45. Qc8 Rb6 46. Nd2 Kg7 47. Rc7 Qxc8 48. Rxc8 Bb5 49. Ra8 Bd3 50. Nac4 Rb7 51. Rxa6 f5 52. f3 fxe4 53. fxe4 Be7 54. Rc6 Rb8 55. Nxd6 Bxd6 56. Rxd6 Ra8 57. Re6 Rxa3 58. d6 1-0